Types of Pitches - Statistics

General Stats
  • This quiz has been taken 64 times
  • The average score is 11 of 15
Answer Stats
Answer % Correct
Curveball
100%
Change-Up
91%
Slider
91%
Knuckleball
88%
Sinker
77%
Cutter
70%
Splitter
70%
Forkball
67%
Screwball
65%
Slurve
63%
Knuckle-Curve
60%
Eephus
58%
Four-Seam Fastball
56%
Sweeper
56%
Two-Seam Fastball
56%
No matching quizzes found
Score Distribution
Percent of People with Each Score
Percentile by Number Answered
Your Score History
You have not taken this quiz